000 00496nam a22001937a 4500
003 MPLRDC
005 20220104144410.0
008 210129b ||||| |||| 00| 0 eng d
020 _a7-5057-0394-3
082 _a192.8 WGZ v.2
100 _a汪国真
245 _a汪国真哲思短语, 二
_c
250 _a一版一刷
260 _a
_b中国友谊出版公司
_c1993
300 _b
490 _a汪国真诗文系列
650 _a格言; 箴言; 金言
942 _cBK
_o192.8 WGZ v.2
999 _c49231
_d49221